| 000 | 00601nam a2200241 a 4500 | ||
|---|---|---|---|
| 001 | nice12345678 | ||
| 003 | IN_TiNIC | ||
| 005 | 20260116012621.0 | ||
| 008 | 050524s1992 bana grp 000 0 eng | ||
| 020 |
_a _c230 |
||
| 082 | 0 | 0 |
_a220.7 _bBRO1 |
| 100 | _aBrown, Raymond E | ||
| 245 | _aNew Jerome Biblical Commentary | ||
| 260 |
_aBangalore _bTheological Publications in India _c1992 |
||
| 300 | _a1484p | ||
| 500 | _aincludes index and biblioraphy | ||
| 505 | 2 | _aIndex | |
| 650 | _aBible-Commentaries | ||
| 700 | 1 | _aBrown, Raymond E | |
| 902 | _bRHR | ||
| 942 | _cBK | ||
| 999 |
_c7691 _d7691 |
||